| 000 | 01112nam a2200253 a 4500 | ||
|---|---|---|---|
| 001 | 41248 | ||
| 003 | BD-RjUL | ||
| 005 | 20211209053343.0 | ||
| 008 | 160518s1991 ii ||||| |||| 00| d ben d | ||
| 020 | _c: Tk. 250.00 | ||
| 035 | _a(BD-RjUL) 41365 | ||
| 040 |
_aBD-RjUL _bben _cBD-RjUL |
||
| 041 | _aben | ||
| 082 |
_223 _a891.44208 _bTAR 1991 |
||
| 100 | 1 |
_aতর্করত্ন, রামনারায়ণ _9126956 |
|
| 245 | 1 | 0 |
_aরামনারায়ণ তর্করত্ন রচনাবলী / _cরামনারায়ণ তর্করত্ন ; অজিতকুমার ঘোষ ; সন্ধ্যা বকসী, সম্পাদক |
| 260 |
_aকলকাতা : _bসাহিতলোক, _c১৯৯১ |
||
| 300 |
_a[৭২], ৬৮১ পৃ. ; _c২১ সেমি. |
||
| 650 |
_aবাংলা নাটক _xসংগ্রহ _9126906 |
||
| 650 |
_aBengali Drama _xCollection _9126907 |
||
| 700 |
_aঘোষ, অজিতকুমার _9121928 |
||
| 700 |
_aবকসী, সন্ধ্যা, সম্পাদক _9126908 |
||
| 942 |
_2ddc _cBK |
||
| 999 |
_c41248 _d41248 |
||